Banner

Grandes pensadores : (Record no. 1737)

MARC details
000 -LEADER
campo de control de longitud fija 00705nam a22002177a 4500
003 - IDENTIFICADOR DE NÚMERO DE CONTROL
campo de control CoMeUDC
005 - FECHA Y HORA DE LA ÚLTIMA TRANSACCIÓN
campo de control 20230712174920.0
008 - DATOS DE LONGITUD FIJA--INFORMACIÓN GENERAL
campo de control de longitud fija 230712b ||||| |||| 00| 0 eng d
020 ## - NÚMERO INTERNACIONAL ESTÁNDAR DEL LIBRO
Número Internacional Estándar del Libro 9587013255
040 ## - FUENTE DE CATALOGACIÓN
Centro/agencia transcriptor CO-UdeC
Centro/agencia modificador CO-UdeC
Normas de descripción AARC
-- ISBD
082 ## - NÚMERO DE LA CLASIFICACIÓN DECIMAL DEWEY
Número de clasificación 501
Número de ítem U58
110 ## - ENTRADA PRINCIPAL--NOMBRE DE ENTIDAD CORPORATIVA
9 (RLIN) 1743
Nombre de entidad corporativa o nombre de jurisdicción como elemento de entrada Universidad Nacional de Colombia
245 ## - MENCIÓN DEL TÍTULO
Título Grandes pensadores :
Resto del título matemáticos, físicos y químicos /
Mención de responsabilidad, etc. Universidad Nacional de Colombia.
260 ## - PUBLICACIÓN, DISTRIBUCIÓN, ETC.
Lugar de publicación, distribución, etc. Medellín :
Nombre del editor, distribuidor, etc. Universidad Nacional de Colombia,
Fecha de publicación, distribución, etc. 2003.
300 ## - DESCRIPCIÓN FÍSICA
Extensión 562 p. ;
Otras características físicas il., byn.,
Dimensiones 25 cm.
650 #0 - PUNTO DE ACCESO ADICIONAL DE MATERIA--TÉRMINO DE MATERIA
9 (RLIN) 1744
Término de materia o nombre geográfico como elemento de entrada Historia de la ciencia
650 #0 - PUNTO DE ACCESO ADICIONAL DE MATERIA--TÉRMINO DE MATERIA
9 (RLIN) 1746
Término de materia o nombre geográfico como elemento de entrada Físicos
650 #0 - PUNTO DE ACCESO ADICIONAL DE MATERIA--TÉRMINO DE MATERIA
9 (RLIN) 1745
Término de materia o nombre geográfico como elemento de entrada Matemáticos
650 #0 - PUNTO DE ACCESO ADICIONAL DE MATERIA--TÉRMINO DE MATERIA
9 (RLIN) 1747
Término de materia o nombre geográfico como elemento de entrada Químicos
942 ## - ELEMENTOS DE ENTRADA SECUNDARIOS (KOHA)
Fuente del sistema de clasificación o colocación Clasificación Decimal Dewey
Tipo de ítem Koha Libros
Holdings
Estatus retirado Estado de pérdida Fuente del sistema de clasificación o colocación Estado de daño No para préstamo Colección Biblioteca de origen Biblioteca actual Fecha de adquisición Fuente de adquisición Signatura topográfica completa Código de barras Visto por última vez Copia número Precio de reemplazo Tipo de ítem Koha
    Clasificación Decimal Dewey     Colección general U DE COLOMBIA - Biblioteca U DE COLOMBIA - Biblioteca 12/07/2023 donación 925 G752 001037 12/07/2023 1 12/07/2023 Libros


Biblioteca Académica Corporación Universitaria U DE COLOMBIA | Teléfono: +(57) (4) 2398080 ext. 1112 | E-mail: biblioteca@udecolombia.edu.co | Dirección: Calle 56 Nº 41 – 147 (Bolivia con Girardot)
Horario de atención: lunes a viernes 8:00 a.m. a 8:00 p.m. - sábados 8:00 a.m. a 4:00 p.m.
Implementado por Grupo EGS.

Powered by Koha